|
|
|
|
| LEADER |
00000nas a2200000 a 4500 |
| 001 |
ssj0006051 |
| 003 |
WaSeSS |
| 005 |
20200512172242.0 |
| 006 |
m d |
| 007 |
cr n |
| 008 |
990811c19809999nyubx pss o 0 a0eng c |
| 010 |
|
|
|a 2005236961
|
| 015 |
|
|
|a GBA605246
|2 bnb
|
| 016 |
7 |
|
|a 013357667
|2 Uk
|
| 016 |
7 |
|
|a 1476386-2
|2 DE-600
|
| 016 |
7 |
|
|a 1476386 2
|2 DE-600
|
| 022 |
|
|
|a 1465-3346
|l 0142-5692
|y 0142-5692
|
| 035 |
|
|
|a (WaSeSS)ssj0006051
|
| 037 |
|
|
|b Carfax International Publishers, PO Box 25, Abingdon, Oxfordshire, OX14 3UE, UK
|
| 040 |
|
|
|a OUN
|b eng
|e pn
|c OUN
|d OCL
|d OCLCQ
|d CGU
|d EYM
|d HUL
|d OCL
|d OCLCQ
|d UKMGB
|d OCLCQ
|d OCLCO
|d OCLCQ
|d OCLCF
|d OCLCO
|d VT2
|d OCLCQ
|d DEBBG
|d NLE
|d GILDS
|d OCLCO
|d AU@
|d NJT
|d SFB
|d DLC
|d WaSeSS
|
| 042 |
|
|
|a pcc
|
| 043 |
|
|
|a e-uk---
|
| 050 |
0 |
0 |
|a LC191.8.G7
|
| 082 |
0 |
4 |
|a 370.19/05
|
| 130 |
0 |
|
|a British journal of sociology of education (Online)
|
| 245 |
1 |
0 |
|a British journal of sociology of education
|h [electronic resource].
|
| 246 |
1 |
|
|a BJSE
|
| 260 |
|
|
|a Oxford :
|b Carfax Pub. Co.,
|c 1980-
|
| 260 |
3 |
|
|3 <2013-> :
|a [Abingdon] :
|b Routledge, Taylor & Francis
|
| 310 |
|
|
|a 8 times a year,
|b 2015-
|
| 321 |
|
|
|a Quarterly,
|b 1986-
|
| 321 |
|
|
|a Three no. a year,
|b 1980-1985
|
| 362 |
0 |
|
|a Vol. 1, no. 1 (1980)-
|
| 500 |
|
|
|a Title from title screen (JSTOR, viewed June 8, 2005).
|
| 506 |
|
|
|a License restrictions may limit access.
|
| 538 |
|
|
|a Mode of access: World Wide Web.
|
| 588 |
|
|
|a Latest issue consulted: Vol. 41, no. 1 (Jan. 2020) (Taylor & Francis, viewed Jan. 17, 2020).
|
| 650 |
|
0 |
|a Educational sociology
|z Great Britain
|v Periodicals.
|
| 650 |
|
7 |
|a Educational sociology.
|2 fast
|0 (OCoLC)fst00903596
|
| 651 |
|
7 |
|a Great Britain.
|2 fast
|0 (OCoLC)fst01204623
|
| 655 |
|
0 |
|a Electronic journals.
|
| 776 |
0 |
|
|t British journal of sociology of education
|x 0142-5692
|w (DLC) 82640840
|w (OCoLC)6546273
|
| 850 |
|
|
|a DLC
|
| 856 |
4 |
0 |
|z Full text available from Research Library: 09/01/1997 to 09/30/2000
|u https://search.proquest.com/publication/11425
|